How to be a boss: a practicing psychiatrist of the managing of men (Record no. 350411)

000 -LEADER
fixed length control field 00454cam a22001457a 4500
008 - FIXED-LENGTH DATA ELEMENTS--GENERAL INFORMATION
fixed length control field 180718b1970 xxu||||| |||| 00| 0 eng d
082 ## - DEWEY DECIMAL CLASSIFICATION NUMBER
Classification number I29 M463
100 ## - MAIN ENTRY--PERSONAL NAME
Personal name Meares, Aninslie
245 ## - TITLE STATEMENT
Title How to be a boss: a practicing psychiatrist of the managing of men
Statement of responsibility, etc. by Ainslie Meares
260 ## - PUBLICATION, DISTRIBUTION, ETC.
Place of publication, distribution, etc. New York
Name of publisher, distributor, etc. Coward, McCann & Geoghegan
Date of publication, distribution, etc. 1970
300 ## - PHYSICAL DESCRIPTION
Extent 249p.
650 ## - SUBJECT ADDED ENTRY--TOPICAL TERM
Topical term or geographic name entry element Personnel management
650 ## - SUBJECT ADDED ENTRY--TOPICAL TERM
Topical term or geographic name entry element Interpersonal relations
650 ## - SUBJECT ADDED ENTRY--TOPICAL TERM
Topical term or geographic name entry element Leadership
Holdings
Withdrawn status Lost status Damaged status Not for loan Permanent Location Current Location Date acquired Full call number Barcode Date last seen Price effective from Koha item type
        Indian Institute of Public Administration Indian Institute of Public Administration 1993-11-05 I29 M463 47314 2018-07-21 2018-07-21 Book

Powered by Koha